Průzkum trhu Poradenské listy pro výrobkové manažery a vedoucí marketingu

Päť bodový program pre zvýšenie eficiencie prieskumu trhu: 1. Jasná definícia skúmaného cieľa. 2. Jasný brífing a optimálne výzkumné podklady. 3. Porovnateľné ponuky ústavov. 4. Výber správneho ústavu. 5. Stanovenie štandardov kvality.

Salvato in:
Dettagli Bibliografici
Natura: Capitolo di libro
Lingua:ceco
Soggetti:
Tags: Aggiungi Tag
Nessun Tag, puoi essere il primo ad aggiungerne!!

MARC

LEADER 00000naa a2200000 4500
001 r015437
005 20221213090214.0
041 0 |a cze 
044 |a SK 
245 1 0 |a Průzkum trhu  |b Poradenské listy pro výrobkové manažery a vedoucí marketingu 
520 |a Päť bodový program pre zvýšenie eficiencie prieskumu trhu: 1. Jasná definícia skúmaného cieľa. 2. Jasný brífing a optimálne výzkumné podklady. 3. Porovnateľné ponuky ústavov. 4. Výber správneho ústavu. 5. Stanovenie štandardov kvality. 
610 2 0 |a prieskum trhu 
610 2 0 |a marketing